Z. I. PEREGUDOVA « Ohranka » : vospominanija rukovoditelej politi?eskogo syska [« Ohranka » : mémoires des dirigeants de la police politique] Moscou : Novoe literaturnoe obozrenie, 2004, 2 t., 512 et 600 p. (Rossija v memuarah) (notice n° 1604375)
[ vue normale ]
| 000 -LEADER | |
|---|---|
| fixed length control field | 00682cam a2200145 4500500 |
| 005 - DATE AND TIME OF LATEST TRANSACTION | |
| control field | 20251228093427.0 |
| 041 ## - LANGUAGE CODE | |
| Language code of text/sound track or separate title | fre |
| 042 ## - AUTHENTICATION CODE | |
| Authentication code | dc |
| 100 10 - MAIN ENTRY--PERSONAL NAME | |
| Personal name | Guichard, Benjamin |
| Relator term | author |
| 245 00 - TITLE STATEMENT | |
| Title | Z. I. PEREGUDOVA « Ohranka » : vospominanija rukovoditelej politi?eskogo syska [« Ohranka » : mémoires des dirigeants de la police politique] Moscou : Novoe literaturnoe obozrenie, 2004, 2 t., 512 et 600 p. (Rossija v memuarah) |
| 260 ## - PUBLICATION, DISTRIBUTION, ETC. | |
| Date of publication, distribution, etc. | 2006.<br/> |
| 500 ## - GENERAL NOTE | |
| General note | 60 |
| 786 0# - DATA SOURCE ENTRY | |
| Note | Cahiers du monde russe | Vol 47 | 4 | 2006-11-01 | p. 785d-964d | 1252-6576 |
| 856 41 - ELECTRONIC LOCATION AND ACCESS | |
| Uniform Resource Identifier | <a href="https://shs.cairn.info/revue-cahiers-du-monde-russe-2006-4-page-785d?lang=fr&redirect-ssocas=7080">https://shs.cairn.info/revue-cahiers-du-monde-russe-2006-4-page-785d?lang=fr&redirect-ssocas=7080</a> |
Pas d'exemplaire disponible.




Réseaux sociaux